000 00548nam a2200229Ia 4500
003 OSt
005 20221005115103.0
006 a|||||r|||| 00| 0
007 ta
008 221004b |||||||| |||| 00| 0 eng d
024 _a58931
037 _cTextual
040 _aCRL
_cCRL
_beng
041 _2eng
_aeng
082 _aU8:231:N5, K0
100 _aEnnis John
_9627090
245 0 _aBombay explosion
260 _c1960
650 _aGEOGRAPHY
942 _hU8:231:N5, K0
_cTEXL
_2cc
999 _c1033380
_d1033380